Studio Ghibli Things (Picture Click) Quiz Stats

Quiz not verified by Sporcle

Challenge
Share
Tweet
Score 0/20 Timer 02:00
2 Plays Today
% Correct
Totoro
88.6%
No-Face
87.9%
Catbus
85%
Porco Rosso
82.6%
Ponyo
82.1%
Baron
75.8%
Turnip-Head
70.7%
Calcifer
68.8%
Haku
67.2%
Jiji
60.8%
% Correct
Yakul
56.4%
Kodama
46.3%
Boh
44.1%
Heen
43.1%
Muta
38.9%
Moro
38.3%
Teto
37%
Susuwatari
30.5%
Shoukichi
29.7%
Niya
28%

You're not logged in!

Compare scores with friends on all Sporcle quizzes.
Sign Up with Email
OR
Log In

You Might Also Like...

Show Comments

Extras

Top Quizzes Today


Score Distribution

Your Account Isn't Verified!

In order to create a playlist on Sporcle, you need to verify the email address you used during registration. Go to your Sporcle Settings to finish the process.